<?xml version="1.0" encoding="UTF-8"?>
<record
    xmlns:xsi="http://www.w3.org/2001/XMLSchema-instance"
    xsi:schemaLocation="http://www.loc.gov/MARC21/slim http://www.loc.gov/standards/marcxml/schema/MARC21slim.xsd"
    xmlns="http://www.loc.gov/MARC21/slim">

  <leader>01958nam a2200289 a 4500</leader>
  <controlfield tag="001">ASIN8493923125</controlfield>
  <controlfield tag="003">OSt</controlfield>
  <controlfield tag="005">20180116192428.0</controlfield>
  <controlfield tag="008">150712s2014    xxu                 eng d</controlfield>
  <datafield tag="020" ind1=" " ind2=" ">
    <subfield code="a">8493923125 (paperback)</subfield>
    <subfield code="c">$32.50</subfield>
  </datafield>
  <datafield tag="020" ind1=" " ind2=" ">
    <subfield code="a">9788493923129 (paperback)</subfield>
  </datafield>
  <datafield tag="020" ind1=" " ind2=" ">
    <subfield code="a"> 8493923125 </subfield>
  </datafield>
  <datafield tag="040" ind1=" " ind2=" ">
    <subfield code="c">0</subfield>
  </datafield>
  <datafield tag="050" ind1="0" ind2="4">
    <subfield code="a">N6988.5.C64</subfield>
  </datafield>
  <datafield tag="082" ind1="0" ind2="4">
    <subfield code="a">709.47</subfield>
  </datafield>
  <datafield tag="100" ind1="1" ind2=" ">
    <subfield code="a">Gan, Aleksei.</subfield>
    <subfield code="9">8134</subfield>
  </datafield>
  <datafield tag="245" ind1="1" ind2="0">
    <subfield code="a">Constructivism /</subfield>
    <subfield code="c">Aleksei Gan, Christina Lodder.</subfield>
  </datafield>
  <datafield tag="260" ind1=" " ind2=" ">
    <subfield code="a">Barcelona :</subfield>
    <subfield code="b">Tenov Books,</subfield>
    <subfield code="c">2014.</subfield>
  </datafield>
  <datafield tag="300" ind1=" " ind2=" ">
    <subfield code="a">178 p. ;</subfield>
    <subfield code="c">22 cm.</subfield>
  </datafield>
  <datafield tag="520" ind1=" " ind2=" ">
    <subfield code="a">Published in 1922 in Russian, Aleksei Gan&#x2019;s Constructivism was the first theoretical treatise of postrevolutionary Russia&#x2019;s emergent Constructivist movement. Fired with revolutionary zeal, it was unquestionably a declaration of war on traditional bourgeois art. Constructivism recasts artists and architects as Constructors, turning away from aesthetic or speculative problems in art and instead focusing on the fusion of art with everyday life in order to create a functional system of design, one in keeping with the great task of building the new communist society. This edition replicates Gan&#x2019;s original layout, which was one of the first experiments in Constructivist typography and graphic design, and it also presents a substantial introductory essay by art historian Christina Lodder that examines Gan&#x2019;s own odd, mercurial character and the tracks he left across avant-garde Russian graphics, architecture, film, and theater. Nearly a century later, Constructivism remains a powerful manifesto, and this new translation will help scholars trace its enduring influence on twentieth-century art and design.</subfield>
  </datafield>
  <datafield tag="650" ind1=" " ind2="0">
    <subfield code="a">Art, Soviet</subfield>
    <subfield code="9">8135</subfield>
  </datafield>
  <datafield tag="650" ind1=" " ind2="0">
    <subfield code="a">Constructivism (Art)</subfield>
    <subfield code="9">8136</subfield>
  </datafield>
  <datafield tag="650" ind1=" " ind2="0">
    <subfield code="a">Soviet Union</subfield>
    <subfield code="9">8137</subfield>
  </datafield>
  <datafield tag="700" ind1="1" ind2=" ">
    <subfield code="a">Lodder, Christina.</subfield>
    <subfield code="9">8138</subfield>
  </datafield>
  <datafield tag="856" ind1="4" ind2="0">
    <subfield code="3">Amazon.com</subfield>
    <subfield code="u">http://www.amazon.com/exec/obidos/ASIN/8493923125/chopaconline-20</subfield>
  </datafield>
  <datafield tag="942" ind1=" " ind2=" ">
    <subfield code="2">ddc</subfield>
    <subfield code="c">BK</subfield>
  </datafield>
  <datafield tag="999" ind1=" " ind2=" ">
    <subfield code="c">354089</subfield>
    <subfield code="d">354089</subfield>
  </datafield>
  <datafield tag="952" ind1=" " ind2=" ">
    <subfield code="0">0</subfield>
    <subfield code="1">0</subfield>
    <subfield code="2">ddc</subfield>
    <subfield code="4">0</subfield>
    <subfield code="7">0</subfield>
    <subfield code="a">SADA</subfield>
    <subfield code="b">SADA</subfield>
    <subfield code="d">2015-07-01</subfield>
    <subfield code="l">2</subfield>
    <subfield code="m">1</subfield>
    <subfield code="o">709.47 GAN 2014</subfield>
    <subfield code="p">SADA0002484</subfield>
    <subfield code="r">2024-05-21</subfield>
    <subfield code="s">2024-05-03</subfield>
    <subfield code="t">01</subfield>
    <subfield code="v">3433.07</subfield>
    <subfield code="w">2015-07-13</subfield>
    <subfield code="y">BK</subfield>
  </datafield>
</record>
